[Event "Ankara FIDE GP (Women)"]
[Site "Ankara"]
[Date "2012.09.23"]
[Round "7"]
[White "Socko, Monika"]
[Black "Kosintseva, Tatiana"]
[Result "0-1"]
[WhiteElo "2463"]
[BlackElo "2524"]
[Annotator "Mikhalchishin,A"]
[PlyCount "82"]
[EventDate "2012.09.16"]
[EventType "tourn"]
[EventRounds "11"]
[EventCountry "TUR"]
[EventCategory "10"]
[SourceTitle "CBM 151"]
[Source "ChessBase"]
[SourceDate "2012.11.13"]
[SourceVersion "1"]
[SourceVersionDate "2012.11.13"]
[SourceQuality "1"]

1. d4 Nf6 2. c4 e6 3. Nf3 d5 4. Nc3 Bb4 5. Qa4+ Nc6 6. e3 O-O {A favourite
line of both Kosintseva sisters, they are real experts here. In this critical
position a few different moves have been tried against them.} 7. Bd2 (7. h3 Ne4
8. Qc2 b6 9. cxd5 exd5 10. Bd3 Bf5 11. Bd2 Nxd2 12. Nxd2 Bxd3 13. Qxd3 Ne7 14.
a3 Bd6 15. Nb5 c6 16. Nxd6 Qxd6 17. O-O a5 18. Rac1 a4 19. e4 Qg6 20. Rfe1 Rfd8
21. Nf3 {1/2 Chiburdanidze,M (2514)-Kosintseva,T (2562)/Ulaanbaatar 2010; with
a slight advantage.}) (7. a3 Bxc3+ 8. bxc3 Ne4 ({another possibility was} 8...
Bd7 9. Qc2 Na5 10. cxd5 exd5 11. a4 Re8 12. Bd3 b6 13. Ba3 Ne4 14. O-O Bf5 15.
Ne5 f6 16. Nf3 h6 17. Nh4 Bh7 18. f3 Ng5 19. Bxh7+ Nxh7 20. Rae1 Nc4 $11 {
Koneru,H (2621)-Chiburdanidze,M (2516)/ISTANBUL 2009}) 9. Bb2 (9. Qc2 b6 10.
cxd5 exd5 11. Bd3 Na5 12. O-O Bb7 13. a4 c5 (13... f5 14. Ne5 c5 15. dxc5 bxc5
16. c4 Qd6 17. Bb2 Rae8 18. f3 Nf6 19. Qc3 {1-0 Zhao Xue (2544)-Kosintseva,T 
(2539)/Sochi RUS 2009. The strong bishop pair confirms her advantage.}) 14. Ba3
Rc8 15. dxc5 bxc5 16. Rab1 Re8 17. Rfd1 Qc7 18. Nd2 Re6 19. Nxe4 dxe4 20. Be2
Rb6 21. Rd2 Rxb1+ 22. Qxb1 Qe5 23. Qd1 {1-0 Zhao Xue (2544)-Kosintseva,T (2539)
/Sochi RUS 2009. White's control over the d-file is unpleasant.}) 9... Qe8 10.
Qc2 Na5 11. Bd3 b6 12. cxd5 exd5 13. O-O Bb7 14. a4 Nc4 15. Ne5 Nxe5 16. dxe5
Qxe5 17. c4 Qe6 18. cxd5 Bxd5 19. Qxc7 Nc5 {1/2 Van Wely,L (2641)-Kosintseva,T
(2515)/Moscow RUS 2010; with good counterplay.}) (7. Be2 Ne4 8. Qc2 b6 9. O-O
Bxc3 10. bxc3 Ba6 11. Qa4 Nxc3 12. Qxa6 Nxe2+ 13. Kh1 Nxc1 14. Rfxc1 Na5 15.
cxd5 exd5 16. Ne5 Qd6 17. Qd3 f6 18. Nf3 Nc4 19. e4 b5 {0-1 Nebolsina,V (2360)
-Kosintseva,T (2573)/Moscow RUS 2010. The strong black knight on c4 allows
that side to play for a win.}) (7. Qc2 dxc4 8. Bxc4 Bd6 9. O-O e5 10. h3 exd4
11. exd4 Nb4 12. Qd1 Bf5 13. a3 Nc6 14. Re1 h6 15. Ne5 Bxe5 16. dxe5 Qxd1 17.
Nxd1 Nd7 18. f4 Na5 19. Ne3 Nxc4 20. Nxf5 Nc5 21. b4 Nd3 22. Re4 {
Chiburdanidze,M (2506)-Kosintseva,T (2536)/Ningbo CHN 2009. The white
structure is better.}) 7... dxc4 8. Bxc4 Bd6 {This simple move order was
proposed by Kramnik and it is believed to guarantee Black sufficient
counterplay.} (8... a6 9. Qc2 $14) 9. Nb5 ({Other options here:} 9. O-O e5 10.
d5 (10. dxe5 Nxe5 11. Nxe5 (11. Be2 Nxf3+ 12. Bxf3 Bxh2+ 13. Kxh2 Qxd2 $17)
11... Bxe5 12. Rad1 Bxh2+ 13. Kxh2 Ng4+ 14. Kg3 (14. Kg1 Qh4 $19) 14... Qd6+
15. f4 Qg6 $40) 10... e4 11. Nxe4 Nxe4 12. dxc6 Nxd2 13. Nxd2 Bxh2+ 14. Kxh2
Qxd2 15. Rad1 (15. cxb7 Bxb7 16. Kg1 Qd6 17. Rfd1 $14) 15... Qxb2 16. Rd4 {
Danielian,E (2489)-Kosintseva,T (2536)/Ningbo CHN 2009; with compensation for
the sacrificed pawn.}) ({A sharper line was seen in the World Championship
match:} 9. Qc2 a6 10. a3 e5 11. dxe5 Nxe5 12. Nxe5 Bxe5 13. f4 Bxc3 14. Bxc3
Qe7 15. O-O Qxe3+ 16. Kh1 Qb6 17. f5 Bd7 18. Bb4 Rfe8 19. Rad1 Qc6 20. Qb3 Kh8
21. Rc1 Qb6 22. Bxf7 Re5 {0-1 Koneru,H (2600)-Hou Yifan (2578)/Tirana ALB 2011;
with very sharp play.}) 9... Be7 ({Strange - other moves are not worse, but
are not tried so often:} 9... e5 10. dxe5 (10. Nxd6 Qxd6 (10... cxd6 11. dxe5
dxe5 12. Bc3 Qe7 $11) 11. dxe5 Nxe5 12. Nxe5 Qxe5 13. Bc3 Qg5 14. O-O-O $14 {
1-0 Kempinski,R (2543)-Milov,V (2604)/Linares 2001} (14. O-O $2 Bh3 $19)) 10...
Bxe5 (10... Nxe5 11. Nxe5 Bxe5 $11) 11. Bb4 Nxb4 12. Qxb4 c5 $1 13. Qxc5 Bxb2
14. Rb1 Qa5+ {1/2 Shariyazdanov,A (2594)-Dizdar,G (2533)/Dubai 2001/CBM 083 
(44)}) (9... a6 $5 10. Nxd6 cxd6 11. O-O Bd7 $11) 10. O-O a6 11. Nc3 Bd6 12.
Qc2 (12. Rfe1 {seems to be better:} e5 13. d5 e4 14. Nxe4 Nxe4 15. dxc6 Nxd2
16. Nxd2 Bxh2+ 17. Kxh2 Qxd2 18. cxb7 Bxb7 19. Kg1 Rab8 20. Qa3 Rbd8 21. Qc5
Qd6 22. Qxd6 Rxd6 23. Rac1 {Lenic,L (2595)-Moiseenko,A (2677)/Moscow RUS 2010;
and Black has still to protect his own pawn weaknesses.}) 12... e5 13. d5 ({
Somehow it is more logical not to close the position. But the exchange in the
centre has been tried unsuccessfully:} 13. dxe5 Nxe5 14. Nxe5 Bxe5 15. f4 Bd6
16. Bd3 Kh8 (16... h6 $146 17. Ne4 Nxe4 18. Bxe4 Qe7 19. Bc3 c6 20. Rf3 f6 21.
Rg3 Be6 22. Qe2 Kh8 $13 {Krasenkow,M (2651)-Prusikin,M (2571)/Deutschland 99/
(282) 2007}) 17. Kh1 b5 18. Ne4 Bf5 19. Nxf6 Bxd3 20. Qxd3 Qxf6 21. Bc3 Qe6 22.
e4 f6 23. b3 {1/2 Radjabov,T (2648)-Kramnik,V (2785)/Dortmund 2003}) 13... Ne7
14. e4 Bg4 ({Some very interesting forced play starts after} 14... b5 15. Be2
Bd7 16. a3 c6 17. Bg5 Ng6 18. Nh4 Nxh4 19. Bxh4 Rc8 20. dxc6 Bxc6 21. Rfd1 Qe7
22. Bg4 Rc7 23. Qd3 Bc5 24. Qf3 Bd4 25. Rac1 Bb7 26. Nd5 Bxd5 27. Bxf6 gxf6 28.
Rxc7 Qxc7 29. exd5 Rd8 30. b4 {with an advantage to White thanks to the more
dangerous bishop.}) 15. Be2 c6 ({It was possible to prepare this logical
attack on White's pawn centre by} 15... Rc8) 16. Bg5 cxd5 17. Bxf6 {At least
White destroys a bit the opponent's pawn structure.} ({It was not logical to
allow Black to create a strong centre:} 17. exd5 Nd7 18. Be3 Bxf3 19. Bxf3 f5)
17... gxf6 18. Nxd5 ({It is not possible to fight for an advantage with other
moves:} 18. exd5 Bxf3 19. Bxf3 f5 20. Be2 e4 $11) (18. Nh4 Bxe2 19. Qxe2 d4 20.
Nd5 Nxd5 21. exd5 Kh8 22. Rac1 Qd7 23. Qf3 Be7 24. Nf5 Rg8 25. Rc4 Rg5 $11)
18... Nxd5 19. exd5 f5 20. Ne1 $2 ({The move in the text is too passive, but
it was not so easy to establish a blockading control over the white squares, i.
e.} 20. g3 Qf6 21. Nh4 Rac8 22. Qd2 Bh3 23. Rfc1 f4 24. Bf1 Bg4 25. Be2 Bd7 26.
Bd3 Qg5) 20... Rc8 21. Qd1 Bxe2 (21... Qg5 {was not bad:} 22. Bxg4 Qxg4 23. g3
Qxd1 24. Rxd1 Rfd8 {and the pawn on d5 will soon be in trouble.}) 22. Qxe2 Qf6
({It was possible to start the plan of the game immediately:} 22... Rc5 23. Rd1
Qf6 24. g3 Rfc8) 23. Nc2 f4 $1 {Not allowing the white knight even to try the
blockade!} 24. Rfc1 Qg6 ({The immediate} 24... Rc5 {was very good}) 25. f3 ({
Kosintseva's idea was to cut the opponent's knight off completely:} 25. Ne1 e4
$1) 25... Rc5 ({This weak pawn on d5 could be attacked differently by} 25...
Rfd8) 26. Qd1 ({After} 26. Qd2 {the developments awaiting White were not
pleasant:} e4 27. fxe4 Qxe4 $19) 26... f5 {Kosintseva choses a more active way,
as it was logical to continue the attack on the weak d5-pawn.} 27. Ne1 Qf7 28.
Rxc5 Bxc5+ 29. Kh1 Rd8 30. Qc2 Rxd5 {The pawn is finally lost and White's
position is helpless.} 31. Nd3 Be3 32. b4 ({Even worse is to go under the pin} 
32. Rd1 Qd7 $19) 32... Kg7 (32... e4 {was also possible:} 33. fxe4 fxe4 34. Nf2
Bxf2 35. Qxf2 e3) 33. Re1 b6 34. Qc3 Qf6 35. Nb2 b5 ({Black did not like to
start the forced and easy realisation of her advantage} 35... Bd2 36. Qc4 Bxe1
37. Qxd5 Bxb4 38. Qd7+ Kh6 39. Qc7 Bc5 40. Nd3 Qd6 $19) 36. Qc8 Kh6 37. h3 Rd2
38. Nd1 Bd4 39. Qg8 Qg6 40. Qf8+ Kh5 41. g3 Rh2+ $1 {with mate in two!} 0-1

[Event "EU-ch 16th"]
[Site "Jerusalem"]
[Date "2015.02.26"]
[Round "3"]
[White "Vitiugov, Nikita"]
[Black "Aleksandrov, Aleksej"]
[Result "1-0"]
[WhiteElo "2735"]
[BlackElo "2603"]
[Annotator "Mikhalchishin,A"]
[PlyCount "49"]
[EventDate "2015.02.24"]
[EventType "swiss"]
[EventRounds "11"]
[EventCountry "ISR"]
[SourceTitle "CBM 166"]
[Source "ChessBase"]
[SourceDate "2015.05.11"]
[SourceVersion "1"]
[SourceVersionDate "2015.05.11"]
[SourceQuality "1"]

1. d4 Nf6 2. c4 e6 3. Nf3 d5 4. Nc3 Bb4 5. cxd5 exd5 6. Bg5 Nbd7 7. Qc2 c5 8.
g3 h6 {Maybe other options have to be considered more seriousely} (8... Qa5 9.
Bg2 Ne4 10. Bd2 Nxd2 11. Nxd2 cxd4 12. Nxd5 O-O 13. a3 Bxd2+ 14. Qxd2 Qxd2+ 15.
Kxd2 Nc5 16. Rad1 Be6 17. b4 Na4 18. Ne7+ Kh8 19. Bxb7 Rae8 20. Bc6 Rxe7 21.
Bxa4 Bc4 22. Rhe1 {Bacrot,E (2704)-David,A (2598)/Le Port Marly 2012, with a
sound extra pawn.}) (8... O-O 9. Bg2 h6 10. Be3 b6 (10... Re8 11. O-O Rxe3 12.
fxe3 Qe7 13. Qc1 Nb6 14. Ne5 Be6 15. a3 Bxc3 16. bxc3 Rc8 17. a4 Nbd7 18. Nxd7
Bxd7 19. Qd2 Re8 20. Rxf6 Qxf6 21. Bxd5 Qg5 22. dxc5 Bc6 23. Bxc6 bxc6 24. Rd1
{Baryshpolets,A (2546)-Nisipeanu,L (2686)/Pardubice CZE 2014 (65), and the
advantage is not sufficient to win the game.}) (10... c4 11. O-O Re8 12. Bf4
Bxc3 13. bxc3 Ne4 14. Nd2 Nxd2 15. Qxd2 Nb6 16. Qc2 Be6 17. a4 a5 18. Rfb1 Ra6
19. Rb2 Bd7 20. h4 Qc8 21. Kh2 {Jovanic,O (2511)-Kravtsiv,M (2581)/Livigno
2012/ Black has not yet equalised.}) 11. O-O Bb7 12. Rfd1 ({A better move was} 
12. Nh4 Re8 13. Nf5) 12... Re8 13. Bf4 $2 (13. Nh4) 13... Bxc3 14. bxc3 Rc8 15.
Bh3 g5 $1 16. Nxg5 hxg5 17. Bxg5 Rc6 {Frolyanov,D (2555)-Aleksandrov,A (2612)/
Moscow 2012, and the position is very sharp.}) 9. Bf4 ({In a famous game
Zhukova played} 9. Be3) 9... Qa5 ({Normal development does not solve Black's
problems} 9... O-O 10. Bg2 b6 (10... c4 11. O-O Nb6 12. Rad1 Be6 13. Ne5 Re8
14. f3 Nfd7 15. Nxd7 Qxd7 16. e4 dxe4 17. fxe4 Bg4 18. Rd2 Rad8 19. a3 Ba5 {
Arun Prasad,S (2472)-Nisipeanu,L (2686)/Pardubice 2014, the white centre is
very dangerous.}) 11. O-O Bb7 12. Nb5 Bc6 13. Nc7 Rc8 14. a3 Ba5 15. b4 Ne4 16.
dxc5 bxc5 17. bxa5 Rxc7 18. Bxc7 Qxc7 19. Nd2 f5 20. Rac1 Kh8 21. f3 Nxd2 22.
Qxd2 f4 23. gxf4 Rxf4 24. e3 Ra4 25. f4 {Lagno,K (2540)-Hou Yifan (2661)/
Tromso NOR 2014, with a serious advantage for White.}) ({But it is necessary
to test more seriousely} 9... Ne4 10. Bg2 Ndf6 11. O-O O-O 12. dxc5 Nxc3 13.
bxc3 Bxc5 14. Rad1 Qe7 15. Nd4 Rd8 16. Nf5 Qe6 17. Nd4 Qa6 18. Nb3 Be7 19. Bc7
Re8 20. Be5 Bg4 21. Rfe1 Rac8 22. Rd4 Bh5 23. Bxd5 Nxd5 {Bartel,M (2366)
-Aleksandrov,A (2593)/Wroclaw POL 2014, with good counterplay.}) 10. Bg2 Ne4
11. Rc1 $1 {A very strong pawn sacrifice.} Qxa2 ({It is preferable to develop
simply} 11... Ndf6 12. O-O Bxc3 13. bxc3 O-O) 12. Nd2 Bxc3 13. bxc3 Qxc2 14.
Rxc2 Nxd2 15. Kxd2 Nb6 ({Serious problems in the endgame resulted from} 15...
Nf6 16. Be5 O-O 17. Bxf6 gxf6 18. dxc5 Be6 19. Ra1 Rfc8 20. Ra5 Rc7 21. Rb2
Rac8 22. Rxa7 Rxc5 23. Ra3 b5 24. e3 {Wojtaszek,R (2717)-Peralta,F (2606)/
Istanbul 2012/CBM 151 (49), but winning is not an easy task yet.}) ({Another
alternative was very passive defence} 15... cxd4 16. cxd4 Nb6 17. Ra1 O-O 18.
Bc7 Be6 19. Ra5 Rac8 20. Rac5 Ra8) 16. dxc5 Nc4+ 17. Kd3 Bf5+ $2 ({A better
defence was} 17... Be6 18. Kd4 g5 19. Bd6 Kd7 20. Bxd5 Bxd5 21. Kxd5 Nxd6 22.
cxd6 Rhc8 23. c4 Rc6 24. c5 b6 25. e4 Rac8) 18. e4 Bh7 19. Kd4 Na5 20. Kxd5 $1
{Such a king march looks dangerous, but it is perfectly safe here. Just Black
has no real counterplay.} O-O-O+ 21. Bd6 b6 22. Ra1 Nb7 23. Rxa7 (23. Bh3+ {
It was stronger to include this check, but he did it later.} f5) 23... bxc5 24.
Bh3+ f5 25. e5 1-0

[Event "WchT (Women) 3rd"]
[Site "Mardin"]
[Date "2011.12.26"]
[Round "8"]
[White "Zhukova, Natalia"]
[Black "Zhao, Xue"]
[Result "1-0"]
[WhiteElo "2427"]
[BlackElo "2541"]
[Annotator "Mikhalchishin,A"]
[PlyCount "75"]
[EventDate "2011.12.18"]
[EventType "team-tourn"]
[EventRounds "9"]
[EventCountry "TUR"]
[SourceTitle "CBM 145 Extra"]
[Source "ChessBase"]
[SourceDate "2012.01.03"]
[SourceVersion "1"]
[SourceVersionDate "2012.01.03"]
[SourceQuality "1"]
[WhiteTeam "Ukraine (W)"]
[BlackTeam "China (W)"]
[WhiteTeamCountry "UKR"]
[BlackTeamCountry "CHN"]

{This is probably the best game played in Mardin.} 1. d4 Nf6 2. c4 e6 3. Nc3
Bb4 4. Nf3 d5 5. Bg5 Nbd7 6. cxd5 exd5 7. Qc2 c5 8. g3 $5 {A new plan in the
modern Ragozin Defence, developed just last year.} h6 ({A possible improvement
is the immediate increasing of the heat in the centre} 8... cxd4 $5 9. Nxd4 Qb6
10. Rd1 Ne4 11. Be3 Qg6 (11... Qa5 12. Bg2 Nxc3 13. bxc3 Bxc3+ 14. Kf1 Bxd4 15.
Bxd4 O-O 16. Qb2 f6 17. Bc3 Qc7 18. Bxd5+ Kh8 19. Bb4 Rd8 20. Kg2 Nb6 21. Bf3 {
Riazantsev,A (2682)-Feller,S (2611)/Biel SUI 2010. The strong white bishop
pair is a signal of his clear advantage.}) 12. Bd2 $1 (12. Rc1 {would be
weaker:} Nb6 13. Bg2 Bxc3+ 14. bxc3 Nc4 15. Bf4 O-O 16. O-O b6 17. f3 Nc5 18.
Rfd1 Bb7 19. Qxg6 hxg6 {Danielian, E (2506)-Kosintseva,T (2559), Tbilisi 2011.
Black is fine.}) 12... Nxc3 13. bxc3 Qxc2 14. Nxc2 Ba5 15. Bg2 Nf6 16. Nb4 Be6
17. Be3 O-O 18. O-O Bxb4 19. cxb4 Ne4 20. Rc1 Rfc8 21. Bd4 b5 22. Rfd1 {
Galliamova,A (2492)-Kosintseva,N (2560)/Rostov on Don 2011; with a clearly
better endgame for White.}) 9. Be3 $5 ({Another option, the exchange on f6,
can promise a slightly different kind of position:} 9. Bxf6 Nxf6 (9... Qxf6 10.
Rd1 O-O 11. Bg2 Nb6 12. dxc5 Bf5 13. Qc1 Na4 14. Nd4 Rac8 15. Nxf5 Qxf5 16.
Rxd5 Qf6 17. O-O Bxc3 18. bxc3 Nxc3 19. Rd2 Rxc5 20. Qa3 b6 21. Qxa7 Rd8 22.
Rxd8+ Qxd8 23. Bf3 Ra5 24. Qb7 Rxa2 25. Rc1 {Bacrot,E (2705)-Peralta,F (2608)/
Mulhouse FRA 2011; and Black faces serious problems on the c-file.}) 10. Bg2
O-O 11. O-O Qe7 (11... c4 12. Ne5 Re8 13. b3 Bf5 14. Qxf5 Bxc3 15. Rad1 cxb3
16. axb3 Qe7 17. e3 b5 18. Qd3 b4 19. Qc2 Rec8 20. Rc1 Qe8 21. Bh3 Rc7 22. Nd3
a5 23. Nc5 Ne4 24. Na4 g6 25. Rfd1 {Zhao Xue (2497)-Tan,Z (2429)/Shenzhen CHN
2011; and the black pawn structure is a bit vulnerable.}) 12. dxc5 Bxc5 13.
Rad1 Rd8 14. Nd4 Bg4 15. h3 Be6 16. Qb3 Rac8 {and White doesn't seem to have
anything special. Topalov,V (2775)-Kramnik,V (2785), Monaco MNC 2011.}) (9. Bd2
O-O 10. Bg2 b6 11. O-O Re8 12. Rfd1 Bb7 13. e3 Qe7 14. Ne2 Bxd2 {There is the
very timid but possibly playable retreat} 15. Nxd2 Rac8 16. Qf5 cxd4 17. Nxd4
Nc5 {Khismatullin,D (2662)-Sjugirov,S (2643)/Olginka RUS 2011; with tense play.
}) 9... Qa5 {Other moves can be tried:} (9... b6 10. Bg2 O-O 11. O-O Bb7 12.
Rfd1 Rc8 13. Rac1 Re8 14. Bh3 Rxe3 15. fxe3 Qe8 16. Ne5 Rd8 17. Qf5 c4 18. Bg2
g6 19. Qf4 {Khismatullin,D (2635)-Alekseev,E (2662)/Rogaska Slatina SLO 2011;
with strong pressure on the f-file.}) (9... O-O 10. Bg2 Re8 11. O-O c4 12. Bf4
Qa5 13. Ne5 Nb6 14. f3 Be6 15. e4 Rad8 16. Be3 $6 Bd6 $1 17. Bf4 Nh5 18. Nxf7
$1 Bxf7 19. Bxd6 Rxd6 20. e5 Rdd8 21. f4 $1 Nd7 $1 {Javakhishvili,L (2469)
-Peralta,F (2601)/Vrachati GRE 2011. White's centre provides some measure of
compensation for the piece, but it is not clear that White can win.}) 10. Bg2
Nb6 $6 {By postponing her development Black is playing with fire! It would be
necessary to complete development urgently.} (10... O-O 11. O-O c4 12. Ne5 {
would lead to a "more Ragozin" type of position, with typical play for
positions of this kind.}) 11. O-O Bxc3 12. bxc3 Nc4 $2 (12... O-O 13. Ne5 {
is clearly better for White, but anyway Black should play like this.}) 13. Ne5
$1 {This move practically forces Black to open the dangerous f-file.} Nxe3 ({
Another bad try is} 13... Nxe5 14. dxe5 Ne4 15. c4 Bf5 16. g4 $1 (16. Qb3 d4
17. Qxb7 O-O 18. Bxe4 Rab8 $13) 16... Bh7 (16... Bg6 17. f4 $1 Ng3 18. f5 Nxf1
19. Rxf1 Bh7 20. cxd5 $18) 17. Qb3 d4 18. Qxb7 O-O 19. Bxe4 $16 Bxe4 20. Qxe4
dxe3 21. Qxe3) 14. fxe3 $16 O-O {It is clear that White will carry out the
typical exchange sacrifice on f6.} ({But after a normal developing move White
can stop the opponent's short castling:} 14... Be6 15. Ng6 $5 Rg8 16. Ne5 {
and Black's position is hardly defendable.}) 15. Rxf6 $1 gxf6 16. Bxd5 Kh8 ({
All other moves lose immediately:} 16... fxe5 17. Qg6+ Kh8 18. Qxh6+ Kg8 19.
Be4 Re8 (19... f5 20. Bd5+) 20. Bh7+ Kh8 21. Bg6+ Kg8 22. Qh7+ Kf8 23. Qxf7#) (
16... Kg7 17. Bxf7 f5 18. Bc4 $16) ({The most stubborn would have been} 16...
f5 17. Qb3 Qc7 18. Rf1) 17. Rf1 $3 {A brilliant move, which had to be properly
calculated.} ({It looks very tempting to play the immediate attack} 17. Ng6+ $1
fxg6 18. Qxg6 {where Black has a strong defensive move:} Bf5 $1 19. Qxh6+ $1 (
19. Qxf5 Qxc3 20. Qf4 Qxa1+ 21. Kg2 Kg7 22. Qg4+ Kh7 23. Qf5+ Kg7 24. Be4 Rf7
$1 25. Qh7+ Kf8 26. Qh8+ Ke7 27. Qxa8 Qb2 $13) 19... Bh7 {Of course, here it
is difficult to see the computer recommendation} 20. Rb1 $3 {Hard to believe,
but Black is helpless - White simply maximally increases the activity of her
own pieces.} b5 (20... Rab8 21. Rxb7 $18) 21. Bxa8 Rxa8 22. Qxf6+ Kg8 23. Qg5+
Kh8 24. Qe5+ Kg8 25. Qd5+ Kg7 26. Rf1 $1 $18) 17... fxe5 18. Rf6 $1 Kg7 19.
dxe5 Qd8 ({White's task would have been much harder after} 19... Qc7 $1 20. Qe4
Rd8 $1 {and there White would have to find the amazing and not simple
improvement} 21. c4 $3 {Being a rook down White plays positional chess! Black
is lost -} Rxd5 22. cxd5 Bh3 23. Qf4 $1 Rh8 24. g4 $1 {Only move!} Qd7 25. e6
$1 fxe6 26. g5 Bf5 27. dxe6 Bxe6 28. gxh6+ Kh7 29. Qe4+ Bf5 30. Rxf5 Rg8+ 31.
Kf2 Rg6 32. Qf4 $1 Qe6 33. Rf7+ Kh8 34. Qb8+ Rg8 35. Qxb7 Qxh6 36. Qb2+ $18)
20. Qe4 Qxf6 ({Nor does another defence:} 20... Be6 {help:} 21. Qf4 $1 (21.
Bxe6 Qd1+ 22. Rf1 Qxf1+ 23. Kxf1 fxe6+ 24. Kg2) 21... Kg8 22. Qxh6 Re8 23. Be4
$1 Qd1+ 24. Kf2) 21. exf6+ Kxf6 {White's position is winning, but some
technique is still required.} 22. Qh7 $1 Be6 23. Qxh6+ Ke7 24. Bxb7 Rab8 25.
Qg5+ $1 {Now White starts to attack the weak black pawns and the king has
nowhere special to hide.} Kd6 26. Qf4+ $1 Kd7 27. Qa4+ Ke7 28. Qxa7 Kf6 29. a4
$1 {The advance of this pawn decides matters.} Rfd8 30. Kf2 $1 {Avoiding any
complications!} (30. a5 Rd1+ 31. Kf2 Rh8 32. h4 Bh3 33. e4 {wins as well.})
30... Rh8 31. h4 c4 32. a5 Rbd8 33. Qc5 $1 Rhg8 34. a6 Rd1 35. Bg2 Kg7 36. Qa5
Kh6 37. a7 Rdd8 38. a8=Q 1-0